| 000 | 01225nam a22004210a 4500 | ||
|---|---|---|---|
| 001 | PT59216 | ||
| 003 | AR-LpoUNG | ||
| 005 | 20260131014315.0 | ||
| 008 | 201001s2017||||ag |||||||||||||||||spa d | ||
| 020 |
_a9789876302913 _c$4 |
||
| 040 |
_aAR-LpoUNG _bspa _eaacr |
||
| 041 | 0 | _aspa | |
| 044 | _aag | ||
| 082 | 0 | _a334.01 787mir | |
| 100 | 1 |
_aCoraggio, José Luis _eed. _93 |
|
| 245 | 1 | 0 | _aMiradas sobre la economía social y solidaria en América Latina |
| 250 | _a1ra. ed. | ||
| 260 |
_aLos Polvorines : _bUniversidad Nacional de General Sarmiento, _c2017. |
||
| 300 |
_a368 p. : _btbls., gráfs. |
||
| 490 | 0 | _aPolítica, políticas y sociedad | |
| 650 | 4 | _aAMERICA LATINA | |
| 650 | 4 | _aARGENTINA | |
| 650 | 4 | _aASPECTOS SOCIALES | |
| 650 | 4 | _aCONTROL SOCIAL | |
| 650 | 4 | _aCOOPERACION ECONOMICA | |
| 650 | 4 | _aCOOPERATIVAS | |
| 650 | 4 | _aECONOMIA | |
| 650 | 4 | _aMICROECONOMIA | |
| 650 | 4 | _aMOVIMIENTOS COOPERATIVOS | |
| 650 | 4 | _aUNIVERSIDADES | |
| 653 | 0 | _aECONOMIA SOCIAL | |
| 653 | 0 | _aECONOMIA SOLIDARIA | |
| 653 | 0 | _aEDUCACION POPULAR | |
| 653 | 0 | _aPOLITICAS PUBLICAS | |
| 856 | 4 | 0 |
_uhttp://repositorio.ungs.edu.ar/handle/UNGS/354 _yTexto completo |
| 905 | _a59216 | ||
| 942 |
_cLIB _2ddc |
||
| 999 |
_c51517 _d51517 |
||